Obálka Náhled e-knihy:
PDF
Pro půjčování e-knih musíte být přihlášeni.
Jak si půjčit online?

Kudy kam /

Kniha vypráví příběhy, které se autorovi skutečně přihodily při cestování ve všech koutech světa, od Uzbekistánu až po Floridu.

Uloženo v:
Hlavní autor: Stuchlík, Peter (Autor)
Médium: E-kniha
Jazyk:Czech
Vydáno: Praha : E-knihy jedou, 2021
Tagy:
Žádné tagy
LEADER 01026nam a22002297i 4500
001 311447
007 ta
008 260601s2021 xr ||||| |||| 00| 0 cze d
020 |a 9990003380760 
044 |a xr 
100 1 |a  Stuchlík, Peter  |4 aut 
245 1 0 |a Kudy kam /  |c  Stuchlík, Peter 
264 1 |a Praha :  |b E-knihy jedou,  |c 2021 
300 |a 1 online zdroj (292 stran) 
336 |a text  |b txt  |2 rdacontent 
337 |a bez média  |b n  |2 rdamedia 
338 |a online zdroj  |b cr  |2 rdacarrier 
520 2 |a Kniha vypráví příběhy, které se autorovi skutečně přihodily při cestování ve všech koutech světa, od Uzbekistánu až po Floridu. 
910 |a RBIT002 
998 |d 338076  |a https://core.palmknihy.cz/api/books/338076/cover?r1a7rs  |b https://core.palmknihy.cz/api/books/338076/cover/400?r1a7rs  |c https://core.palmknihy.cz/api/books/338076/cover/50?r1a7rs  |e   |g 292  |i 9990003380760  |k https://core.palmknihy.cz/api/books/338076/preview.pdf  |l   |q 49  |r 1  |s https://www.palmknihy.cz/kniha/338076  |t ebook  |y 2021  |z 1 
999 |d 311445